[Event "18. Obert Int. Sant Marti 2016"]
[Site "Barcelona ESP"]
[Date "2016.07.14"]
[Round "2.21"]
[White "Lorenzo De La Riva, Lazaro"]
[Black "Garcia Lopez, Nicolas"]
[Result "1/2-1/2"]
[WhiteElo "2370"]
[BlackElo "2069"]
[PlyCount "136"]
[EventDate "2016.07.13"]
[EventType "swiss"]
[EventRounds "9"]
[EventCountry "ESP"]
[SourceTitle "Ajedrez en Madrid"]
[Source "lmi"]
[SourceDate "2016.07.13"]
[SourceVersion "1"]
[SourceVersionDate "2019.06.21"]
[SourceQuality "1"]

1. c4 Nf6 2. Nc3 g6 3. d4 Bg7 4. e4 d6 5. Be2 O-O 6. Bg5 c5 7. d5 h6 8. Bh4 Qa5
9. Qd2 a6 10. f4 b5 11. e5 b4 12. exf6 bxc3 13. Qxc3 Qxc3+ 14. bxc3 Bxf6 15.
Bxf6 exf6 16. Kd2 Nd7 17. Nh3 f5 18. Nf2 a5 19. Rhb1 Ba6 20. Rb3 a4 21. Rb2
Rab8 22. Rab1 Rxb2+ 23. Rxb2 Rb8 24. Rxb8+ Nxb8 25. Nd1 Nd7 26. Nb2 Nb6 27. a3
Kg7 28. g3 Kf6 29. Kd3 Bc8 30. Bd1 Bd7 31. Ke3 Ke7 32. Bc2 Be8 33. Bd3 Bd7 34.
Kf3 Kf6 35. Nd1 Kg7 36. Ne3 Bc8 37. h3 h5 38. Nd1 Ba6 39. Nb2 Bc8 40. Be2 Bd7
41. Ke3 Kf8 42. Kd3 Bc8 43. Kd2 Bd7 44. Nd1 Kg7 45. Ne3 Bc8 46. Kd3 Ba6 47. Bd1
Bc8 48. Bc2 Ba6 49. Bb1 Kf8 50. Ba2 Kg7 51. Ke2 Kf8 52. Kf3 Bc8 53. Bb1 Kg7 54.
Bd3 Bd7 55. Be2 Bc8 56. Kf2 Bd7 57. Nc2 Bc8 58. Ne3 Bd7 59. Nf1 Bc8 60. Nd2 Bd7
61. Bf1 Bc8 62. Kg2 Ba6 63. Kf3 Bc8 64. Ke3 Kf8 65. Bd3 Ba6 66. Be2 Bc8 67. Bd1
Ba6 68. Be2 Bc8 1/2-1/2

[Event "18. Obert Int. Sant Marti 2016"]
[Site "Barcelona ESP"]
[Date "2016.07.14"]
[Round "2.22"]
[White "Ivana Maria, Furtado"]
[Black "Liu, Chang"]
[Result "1/2-1/2"]
[WhiteElo "2188"]
[BlackElo "2361"]
[PlyCount "150"]
[EventDate "2016.07.13"]
[EventType "swiss"]
[EventRounds "9"]
[EventCountry "ESP"]
[SourceTitle "Ajedrez en Madrid"]
[Source "lmi"]
[SourceDate "2016.07.13"]
[SourceVersion "1"]
[SourceVersionDate "2019.06.21"]
[SourceQuality "1"]

1. Nf3 Nf6 2. c4 g6 3. g3 Bg7 4. Bg2 O-O 5. O-O c5 6. d4 cxd4 7. Nxd4 Nc6 8.
Nc3 Nxd4 9. Qxd4 d6 10. Qh4 a6 11. Bh6 Rb8 12. Bxg7 Kxg7 13. Qd4 b5 14. cxb5
axb5 15. Nd5 e5 16. Qb4 Nxd5 17. Bxd5 Qb6 18. Rfd1 Qc5 19. Qb3 Be6 20. e3 Bxd5
21. Rxd5 Qc6 22. Rad1 Rb6 23. Rxd6 Qxd6 24. Rxd6 Rxd6 25. Qxb5 Kf6 26. a4 Rc8
27. f4 exf4 28. gxf4 Ke6 29. Qb3+ Kf6 30. Qb5 Ke6 31. Qe2 Rdc6 32. Qb5 Rd6 33.
Kf2 Rc2+ 34. Kf3 Rdd2 35. Qe5+ Kd7 36. Qf6 Rxb2 37. Qxf7+ Kd6 38. Qf8+ Kd5 39.
Qd8+ Ke6 40. Qg8+ Kd6 41. Qxh7 Rf2+ 42. Ke4 Rb4+ 43. Kd3 Rb3+ 44. Kd4 Rg2 45.
a5 Rb4+ 46. Kd3 Ra4 47. Qg8 Raa2 48. h4 Ke7 49. Qg7+ Ke6 50. Qe5+ Kf7 51. Ke4
Ra4+ 52. Kf3 Rga2 53. Qc7+ Kf6 54. Qd6+ Kf7 55. Qd5+ Kf6 56. h5 gxh5 57. Qg5+
Kf7 58. Qxh5+ Kf8 59. Qf5+ Ke7 60. Qe5+ Kf7 61. Qd5+ Ke7 62. e4 Rxa5 63. Qb7+
Kf8 64. e5 Ra8 65. Ke4 R2a7 66. Qb4+ Kg7 67. Kf5 Rf7+ 68. Kg5 Raf8 69. Qe4 Rxf4
70. Qg6+ Kh8 71. Qh6+ Kg8 72. Qe6+ Kg7 73. Qg6+ Kh8 74. Qh6+ Kg8 75. Qg6+ Kh8
1/2-1/2

[Event "18. Obert Int. Sant Marti 2016"]
[Site "Barcelona ESP"]
[Date "2016.07.14"]
[Round "2.23"]
[White "Prieto, Ernesto"]
[Black "Gonzalez Rodriguez, Jorge A."]
[Result "0-1"]
[WhiteElo "2064"]
[BlackElo "2310"]
[PlyCount "76"]
[EventDate "2016.07.13"]
[EventType "swiss"]
[EventRounds "9"]
[EventCountry "ESP"]
[SourceTitle "Ajedrez en Madrid"]
[Source "lmi"]
[SourceDate "2016.07.13"]
[SourceVersion "1"]
[SourceVersionDate "2019.06.21"]
[SourceQuality "1"]

1. e4 e5 2. Nf3 Qe7 3. Nc3 c6 4. d4 d6 5. dxe5 dxe5 6. Be2 h6 7. O-O Nf6 8. Re1
Qc7 9. Qd3 Be6 10. Be3 Nbd7 11. Rad1 Nc5 12. Bxc5 Bxc5 13. Nh4 g6 14. Qg3 O-O
15. Bf3 Kh7 16. a3 a5 17. h3 Rad8 18. Rxd8 Rxd8 19. Rd1 Rxd1+ 20. Bxd1 Bd4 21.
Qf3 Kg7 22. Be2 Bxc3 23. bxc3 Qd6 24. c4 Qd4 25. Bd3 Qa1+ 26. Kh2 Qxa3 27. Qg3
Qc5 28. Nf3 Nd7 29. Nd2 a4 30. h4 h5 31. Be2 Qd4 32. Nb1 Nf6 33. f3 Qb2 34. Qe1
a3 35. Nd2 a2 36. Nb3 Qxc2 37. Na1 Qb2 38. Bd3 Nd7 0-1

[Event "18. Obert Int. Sant Marti 2016"]
[Site "Barcelona ESP"]
[Date "2016.07.14"]
[Round "2.24"]
[White "Uribe Arteaga, Daniel"]
[Black "Marchador Villalba, Jordi"]
[Result "1-0"]
[WhiteElo "2304"]
[BlackElo "2024"]
[PlyCount "81"]
[EventDate "2016.07.13"]
[EventType "swiss"]
[EventRounds "9"]
[EventCountry "ESP"]
[SourceTitle "Ajedrez en Madrid"]
[Source "lmi"]
[SourceDate "2016.07.13"]
[SourceVersion "1"]
[SourceVersionDate "2019.06.21"]
[SourceQuality "1"]

1. d4 Nf6 2. c4 c5 3. Nf3 e6 4. g3 cxd4 5. Nxd4 a6 6. Bg2 Qc7 7. b3 Bb4+ 8. Bd2
Bc5 9. Nf3 Ne4 10. O-O Nxd2 11. Qxd2 Nc6 12. Nc3 O-O 13. Ne4 Bb4 14. Qg5 f5 15.
Ned2 b6 16. e4 Bb7 17. a3 Be7 18. Qe3 f4 19. Qd3 fxg3 20. hxg3 Rad8 21. Rfe1
Ne5 22. Nxe5 Qxe5 23. b4 d6 24. Qe3 b5 25. Qb6 Rb8 26. cxb5 axb5 27. Qe3 Bf6
28. Rac1 Rbc8 29. Bh3 Kh8 30. Nf3 Qh5 31. Bxe6 Rce8 32. Rc7 Ba8 33. Qb3 Bd8 34.
Rf7 d5 35. Bxd5 Bxd5 36. Rxf8+ Rxf8 37. exd5 h6 38. Kg2 Bb6 39. Re2 Rd8 40. Re6
Qf7 41. Rxb6 1-0

[Event "18. Obert Int. Sant Marti 2016"]
[Site "Barcelona ESP"]
[Date "2016.07.14"]
[Round "2.25"]
[White "Vehi Bach, Victor Manuel"]
[Black "Rojas Fernandez, Andres"]
[Result "1-0"]
[WhiteElo "2298"]
[BlackElo "2009"]
[PlyCount "85"]
[EventDate "2016.07.13"]
[EventType "swiss"]
[EventRounds "9"]
[EventCountry "ESP"]
[SourceTitle "Ajedrez en Madrid"]
[Source "lmi"]
[SourceDate "2016.07.13"]
[SourceVersion "1"]
[SourceVersionDate "2019.06.21"]
[SourceQuality "1"]

1. e4 e6 2. d4 d5 3. Nc3 Nf6 4. Bg5 Be7 5. e5 Nfd7 6. Bxe7 Qxe7 7. f4 a6 8. Nf3
c5 9. Qd2 Nc6 10. dxc5 Nxc5 11. Bd3 Bd7 12. O-O Nxd3 13. cxd3 O-O 14. Qf2 b5
15. Ne2 Nb4 16. Rfd1 Rfc8 17. Ned4 Rc7 18. a3 Nc6 19. Nxc6 Bxc6 20. Rac1 Rac8
21. Qb6 Be8 22. Rxc7 Rxc7 23. Rd2 Rc6 24. Qd4 Qc7 25. Qe3 Rc1+ 26. Kf2 a5 27.
Nd4 a4 28. f5 exf5 29. Nxf5 Rc2 30. Rxc2 Qxc2+ 31. Qe2 Qc7 32. d4 g6 33. Ne3
Bc6 34. Ng4 Qc8 35. Qf3 Bd7 36. Nf6+ Kg7 37. Nxd5 Qc2+ 38. Qe2 Qf5+ 39. Ke3 Bc6
40. Nc3 Qg5+ 41. Kd3 Bxg2 42. d5 Qc1 43. Qxg2 1-0

[Event "18. Obert Int. Sant Marti 2016"]
[Site "Barcelona ESP"]
[Date "2016.07.14"]
[Round "2.26"]
[White "Prince, Bajaj"]
[Black "Molinero Martin, Joan"]
[Result "1/2-1/2"]
[WhiteElo "2279"]
[BlackElo "1995"]
[PlyCount "142"]
[EventDate "2016.07.13"]
[EventType "swiss"]
[EventRounds "9"]
[EventCountry "ESP"]
[SourceTitle "Ajedrez en Madrid"]
[Source "lmi"]
[SourceDate "2016.07.13"]
[SourceVersion "1"]
[SourceVersionDate "2019.06.21"]
[SourceQuality "1"]

1. e4 c6 2. d4 d5 3. exd5 cxd5 4. c4 e6 5. Nc3 Nf6 6. Nf3 Be7 7. cxd5 Nxd5 8.
Bd3 Nd7 9. Nxd5 exd5 10. O-O O-O 11. Re1 Nf6 12. h3 a6 13. Bf4 Bd7 14. Ne5 Be6
15. Qb3 b5 16. Rac1 Rc8 17. Rxc8 Qxc8 18. Rc1 Qb7 19. Nc6 Rc8 20. Nxe7+ Qxe7
21. Rxc8+ Bxc8 22. Qc3 Qd7 23. Qc5 Bb7 24. f3 Nh5 25. Bd2 Bc6 26. Qb6 Qc8 27.
Bf5 Qa8 28. Qc7 Qe8 29. Kf2 g6 30. Bc8 Ng7 31. Bxa6 Ne6 32. Qb6 Kg7 33. Be3 g5
34. g3 h5 35. Bb7 Bxb7 36. Qxb7 h4 37. Qxd5 hxg3+ 38. Kxg3 Kg6 39. Qd6 f6 40.
Kf2 Ng7 41. Qd5 Qc8 42. Qe4+ f5 43. Qd3 Qc7 44. f4 gxf4 45. Bd2 Ne6 46. h4 Qh7
47. Qh3 Qa7 48. h5+ Kf6 49. Qh4+ Kf7 50. Qh3 Qxd4+ 51. Ke1 Qg1+ 52. Qf1 Qxf1+
53. Kxf1 Kg7 54. b3 Kh6 55. a4 bxa4 56. bxa4 Kxh5 57. a5 Nc5 58. Bxf4 Kg6 59.
Ke2 Na6 60. Bd2 Kf6 61. Kd3 Ke6 62. Kc4 Kd7 63. Kb5 Nc7+ 64. Kc5 Kc8 65. Kc6
Na6 66. Bf4 Nb4+ 67. Kb5 Nd5 68. Be5 Kb7 69. a6+ Ka7 70. Bd6 Ka8 71. Be5 f4
1/2-1/2

[Event "18. Obert Int. Sant Marti 2016"]
[Site "Barcelona ESP"]
[Date "2016.07.14"]
[Round "2.27"]
[White "Molano Lafuente, Ismael"]
[Black "Munoz, Miguel"]
[Result "0-1"]
[WhiteElo "1940"]
[BlackElo "2477"]
[PlyCount "78"]
[EventDate "2016.07.13"]
[EventType "swiss"]
[EventRounds "9"]
[EventCountry "ESP"]
[SourceTitle "Ajedrez en Madrid"]
[Source "lmi"]
[SourceDate "2016.07.13"]
[SourceVersion "1"]
[SourceVersionDate "2019.06.21"]
[SourceQuality "1"]

1. b3 e5 2. Bb2 Nc6 3. e3 d5 4. Bb5 Bd6 5. f4 f6 6. Qh5+ g6 7. Qh4 exf4 8. exf4
Kf7 9. Nc3 Nd4 10. O-O-O Nf5 11. Qf2 c6 12. Bd3 Qb6 13. Qxb6 axb6 14. Nge2 h5
15. g3 b5 16. Bxf5 Bxf5 17. Nd4 Bh3 18. Kb1 Nh6 19. Rde1 Rhe8 20. Nd1 Ng4 21.
Ne3 Nxe3 22. Rxe3 Rxe3 23. dxe3 Re8 24. Re1 Bd7 25. Bc3 c5 26. Nf3 Bg4 27. Ng1
h4 28. gxh4 b4 29. Bd2 Rh8 30. h3 Bf5 31. Nf3 Bxh3 32. Rg1 Re8 33. Kc1 Bf5 34.
Rg3 c4 35. Kb1 c3 36. Bc1 Bc5 37. Nh2 d4 38. exd4 Re2 39. dxc5 Rxc2 0-1

[Event "18. Obert Int. Sant Marti 2016"]
[Site "Barcelona ESP"]
[Date "2016.07.14"]
[Round "2.28"]
[White "Alvarez Pedraza, Aramis"]
[Black "Tahay, Alexis"]
[Result "1-0"]
[WhiteElo "2484"]
[BlackElo "2119"]
[PlyCount "109"]
[EventDate "2016.07.13"]
[EventType "swiss"]
[EventRounds "9"]
[EventCountry "ESP"]
[SourceTitle "Ajedrez en Madrid"]
[Source "lmi"]
[SourceDate "2016.07.13"]
[SourceVersion "1"]
[SourceVersionDate "2019.06.21"]
[SourceQuality "1"]

1. b3 d5 2. Bb2 Bg4 3. g3 Nc6 4. h3 Bh5 5. Bg2 e5 6. c4 d4 7. d3 Nf6 8. a3 a5
9. Nf3 Nd7 10. O-O Be7 11. e3 O-O 12. exd4 exd4 13. Qc2 Nc5 14. Ne1 Qd7 15. f4
f5 16. Nd2 Bf6 17. Bf3 Bxf3 18. Ndxf3 Rfe8 19. Ng2 Re7 20. Rab1 Rae8 21. Bc1
Ne4 22. dxe4 fxe4 23. Ne5 Bxe5 24. fxe5 d3 25. Qf2 Nxe5 26. Nf4 Nf3+ 27. Kg2 d2
28. Bb2 e3 29. Qe2 Nd4 30. Bxd4 Qxd4 31. Nd5 Qe4+ 32. Kh2 Rf7 33. Rbd1 Ref8 34.
Rxf7 Rxf7 35. Qxe3 Qxe3 36. Nxe3 Rf3 37. Nc2 Rxb3 38. Rxd2 Rc3 39. Kg2 Kf7 40.
Kf2 Rxc4 41. Ne3 Rc3 42. Rd7+ Kg6 43. a4 b6 44. Kf3 c6 45. Kf4 b5 46. axb5 cxb5
47. Ra7 a4 48. g4 h6 49. Nf5 Rxh3 50. Ke5 Kh7 51. Rxg7+ Kh8 52. Kf6 a3 53. Ne7
Rf3+ 54. Kg6 Rf8 55. Rh7# 1-0

[Event "18. Obert Int. Sant Marti 2016"]
[Site "Barcelona ESP"]
[Date "2016.07.14"]
[Round "2.29"]
[White "Ortega Amarelle, Mariano"]
[Black "Martin Capitan, Feliciano"]
[Result "1-0"]
[WhiteElo "2465"]
[BlackElo "2124"]
[PlyCount "75"]
[EventDate "2016.07.13"]
[EventType "swiss"]
[EventRounds "9"]
[EventCountry "ESP"]
[SourceTitle "Ajedrez en Madrid"]
[Source "lmi"]
[SourceDate "2016.07.13"]
[SourceVersion "1"]
[SourceVersionDate "2019.06.21"]
[SourceQuality "1"]

1. d4 d5 2. c4 e6 3. Nf3 Nf6 4. g3 Be7 5. Bg2 O-O 6. Qc2 dxc4 7. Qxc4 a6 8. Qc2
Nc6 9. O-O Nb4 10. Qb3 e5 11. a3 e4 12. Nfd2 Be6 13. Qd1 Nc6 14. e3 Bg4 15. Qb3
Na5 16. Qa4 c5 17. dxc5 Be2 18. Re1 Bb5 19. Qd1 Qc7 20. b4 Nc4 21. Nxc4 Bxc4
22. Bb2 Rfd8 23. Bd4 a5 24. Nd2 Bd3 25. Qb3 Qc6 26. Qxd3 exd3 27. Bxc6 bxc6 28.
Rab1 axb4 29. axb4 Ra2 30. Red1 Nd5 31. Nc4 Rb8 32. Rxd3 Rxb4 33. Rxb4 Nxb4 34.
Rb3 Na6 35. Rb6 h6 36. Rxc6 Nb4 37. Rc8+ Kh7 38. Rc7 1-0

[Event "18. Obert Int. Sant Marti 2016"]
[Site "Barcelona ESP"]
[Date "2016.07.14"]
[Round "2.30"]
[White "Sadhwani, Raunak"]
[Black "Swayams, Mishra"]
[Result "0-1"]
[WhiteElo "2122"]
[BlackElo "2457"]
[PlyCount "70"]
[EventDate "2016.07.13"]
[EventType "swiss"]
[EventRounds "9"]
[EventCountry "ESP"]
[SourceTitle "Ajedrez en Madrid"]
[Source "lmi"]
[SourceDate "2016.07.13"]
[SourceVersion "1"]
[SourceVersionDate "2019.06.21"]
[SourceQuality "1"]

1. e4 e6 2. d4 d5 3. Nd2 Be7 4. e5 c5 5. c3 Nc6 6. Bd3 Qb6 7. Ndf3 f6 8. exf6
Nxf6 9. Ne2 O-O 10. O-O cxd4 11. cxd4 Bd6 12. Nc3 Bd7 13. h3 Rae8 14. Be3 Bb8
15. Qb3 Qc7 16. Nb5 Qd8 17. g3 Ne4 18. Kg2 a6 19. Nc3 Rxf3 20. Nxe4 dxe4 21.
Bxe4 Rf7 22. Qxb7 e5 23. Qxa6 exd4 24. Bxc6 Re6 25. Bxd4 Bxc6+ 26. Kh2 Qd5 27.
Rg1 Bb7 28. Qa4 Re2 29. Raf1 Bxg3+ 30. Kxg3 Rf3+ 31. Kh2 Qd6+ 32. Be5 Qxe5+ 33.
Rg3 Qxg3+ 34. Kh1 Rfxf2+ 35. Qe4 Rxf1# 0-1

[Event "18. Obert Int. Sant Marti 2016"]
[Site "Barcelona ESP"]
[Date "2016.07.14"]
[Round "2.31"]
[White "Aguero Jimenez, Luis Lazaro"]
[Black "Rueda Marquez, David J."]
[Result "1-0"]
[WhiteElo "2415"]
[BlackElo "2066"]
[PlyCount "97"]
[EventDate "2016.07.13"]
[EventType "swiss"]
[EventRounds "9"]
[EventCountry "ESP"]
[SourceTitle "Ajedrez en Madrid"]
[Source "lmi"]
[SourceDate "2016.07.13"]
[SourceVersion "1"]
[SourceVersionDate "2019.06.21"]
[SourceQuality "1"]

1. e4 e5 2. Nf3 Nc6 3. Bb5 a6 4. Ba4 Nf6 5. O-O Nxe4 6. d4 b5 7. Bb3 d5 8. dxe5
Be6 9. c3 Be7 10. Nbd2 Nc5 11. Bc2 d4 12. cxd4 Nxd4 13. Nxd4 Qxd4 14. Nf3 Qxd1
15. Rxd1 O-O 16. Nd4 Rfd8 17. Be3 Bd5 18. Rac1 Ne6 19. Nf5 Bf8 20. Bb1 Bb7 21.
f4 Rxd1+ 22. Rxd1 Rd8 23. Rxd8 Nxd8 24. Ng3 Ne6 25. Be4 Nc5 26. Bxb7 Nxb7 27.
Ne4 Be7 28. g4 Kf8 29. Kf2 Ke8 30. f5 Kd7 31. f6 gxf6 32. exf6 Bd6 33. h4 Be5
34. b3 Ke6 35. Ng5+ Kxf6 36. Nxh7+ Kg7 37. Ng5 Nd6 38. Kf3 a5 39. Ne4 a4 40.
bxa4 bxa4 41. Nxd6 cxd6 42. Ke4 f6 43. h5 Kf7 44. Kd5 Kg7 45. Ke6 Kh7 46. Bc1
Kg7 47. Ba3 Kh6 48. Bxd6 Kg5 49. Bxe5 1-0

[Event "18. Obert Int. Sant Marti 2016"]
[Site "Barcelona ESP"]
[Date "2016.07.14"]
[Round "2.32"]
[White "Garcia Marin, Guillem"]
[Black "Valdes Romero, Leonardo"]
[Result "0-1"]
[WhiteElo "2116"]
[BlackElo "2411"]
[PlyCount "84"]
[EventDate "2016.07.13"]
[EventType "swiss"]
[EventRounds "9"]
[EventCountry "ESP"]
[SourceTitle "Ajedrez en Madrid"]
[Source "lmi"]
[SourceDate "2016.07.13"]
[SourceVersion "1"]
[SourceVersionDate "2019.06.21"]
[SourceQuality "1"]

1. e4 e5 2. Nf3 Nf6 3. Nxe5 d6 4. Nf3 Nxe4 5. c4 Nc6 6. d3 Nf6 7. d4 g6 8. d5
Ne7 9. Nc3 Bg7 10. Bd3 O-O 11. O-O Bf5 12. Nb5 Bxd3 13. Qxd3 Nf5 14. Nbd4 Nxd4
15. Nxd4 Re8 16. Bg5 Qd7 17. h3 a6 18. Rfe1 h5 19. Bd2 Rxe1+ 20. Rxe1 Re8 21.
b3 Nh7 22. Nf3 Nf8 23. Rxe8 Qxe8 24. Qe3 Qc8 25. Qe7 Nh7 26. Qe4 Qd8 27. Be3
Nf6 28. Qd3 Nd7 29. Bg5 Qc8 30. Qe4 Bf8 31. Qe3 Qb8 32. Bh6 Bxh6 33. Qxh6 b5
34. Ng5 Nf8 35. Ne4 Nh7 36. Qc1 Qe8 37. Qc2 Qe5 38. Ng3 Nf6 39. Qe2 Qa1+ 40.
Kh2 bxc4 41. bxc4 Qd4 42. f3 Qf4 0-1

[Event "18. Obert Int. Sant Marti 2016"]
[Site "Barcelona ESP"]
[Date "2016.07.14"]
[Round "2.33"]
[White "Anurag, Mhamal"]
[Black "Gil Quilez, Sonia"]
[Result "1-0"]
[WhiteElo "2392"]
[BlackElo "2085"]
[PlyCount "71"]
[EventDate "2016.07.13"]
[EventType "swiss"]
[EventRounds "9"]
[EventCountry "ESP"]
[SourceTitle "Ajedrez en Madrid"]
[Source "lmi"]
[SourceDate "2016.07.13"]
[SourceVersion "1"]
[SourceVersionDate "2019.06.21"]
[SourceQuality "1"]

1. Nf3 Nf6 2. g3 d5 3. Bg2 Bf5 4. O-O c6 5. d3 h6 6. Nbd2 Nbd7 7. Re1 Nc5 8. b4
Na6 9. a3 e6 10. Bb2 Be7 11. e4 Bh7 12. c4 O-O 13. Qe2 Nc7 14. Nb3 Na6 15. Ne5
dxc4 16. dxc4 Qc7 17. c5 Nb8 18. Nd2 b6 19. cxb6 axb6 20. Rac1 Ra7 21. Ndc4
Nfd7 22. Red1 c5 23. h4 b5 24. Nxd7 Nxd7 25. Rxd7 Qxd7 26. Nb6 Qc6 27. bxc5 Rd8
28. e5 Qc7 29. Qxb5 Bd3 30. Qb4 Rb8 31. a4 Bxc5 32. Rxc5 Qxb6 33. Rc8+ Rxc8 34.
Qxb6 Rxa4 35. Bb7 Rcc4 36. Qd8+ 1-0

[Event "18. Obert Int. Sant Marti 2016"]
[Site "Barcelona ESP"]
[Date "2016.07.14"]
[Round "2.34"]
[White "Dahale, Atul"]
[Black "Dardha, Arben"]
[Result "0-1"]
[WhiteElo "2079"]
[BlackElo "2330"]
[PlyCount "78"]
[EventDate "2016.07.13"]
[EventType "swiss"]
[EventRounds "9"]
[EventCountry "ESP"]
[SourceTitle "Ajedrez en Madrid"]
[Source "lmi"]
[SourceDate "2016.07.13"]
[SourceVersion "1"]
[SourceVersionDate "2019.06.21"]
[SourceQuality "1"]

1. d4 Nf6 2. c4 e6 3. Nc3 d5 4. cxd5 Nxd5 5. e4 Nxc3 6. bxc3 c5 7. Nf3 cxd4 8.
cxd4 Bb4+ 9. Bd2 Bxd2+ 10. Qxd2 O-O 11. Bc4 b6 12. O-O Bb7 13. Qe2 Nd7 14. a4
a5 15. Rfd1 Qe7 16. Bb5 Nf6 17. Nd2 Rfd8 18. e5 Nd5 19. Ne4 Nf4 20. Qe3 Bxe4
21. Qxf4 Bd5 22. Rd3 Rac8 23. Rg3 Rc7 24. h4 Bc4 25. Rc1 Bxb5 26. Rxc7 Qxc7 27.
Qf6 g6 28. h5 Rxd4 29. hxg6 hxg6 30. axb5 Qc1+ 31. Kh2 Qh6+ 32. Rh3 Qf4+ 33.
Qxf4 Rxf4 34. Rc3 Rb4 35. Rc8+ Kg7 36. Ra8 Rxb5 37. f4 g5 38. Kg3 gxf4+ 39.
Kxf4 Rb4+ 0-1

[Event "18. Obert Int. Sant Marti 2016"]
[Site "Barcelona ESP"]
[Date "2016.07.14"]
[Round "2.35"]
[White "Bielecki, Pawel"]
[Black "Lillo Castany, Victor"]
[Result "1/2-1/2"]
[WhiteElo "2023"]
[BlackElo "2312"]
[PlyCount "138"]
[EventDate "2016.07.13"]
[EventType "swiss"]
[EventRounds "9"]
[EventCountry "ESP"]
[SourceTitle "Ajedrez en Madrid"]
[Source "lmi"]
[SourceDate "2016.07.13"]
[SourceVersion "1"]
[SourceVersionDate "2019.06.21"]
[SourceQuality "1"]

1. e4 e5 2. Nf3 Nc6 3. Bb5 Nf6 4. O-O Bc5 5. d3 d6 6. Be3 Bxe3 7. fxe3 O-O 8.
Nc3 Ne7 9. Qe1 Ng6 10. Ba4 c6 11. Bb3 d5 12. exd5 Nxd5 13. Nxd5 cxd5 14. e4 Be6
15. Qg3 dxe4 16. dxe4 Bxb3 17. axb3 Rc8 18. Qf2 a6 19. Rad1 Qe7 20. Rd2 Rc7 21.
Rfd1 Rfc8 22. g3 h6 23. c3 Qe6 24. Rd5 Kh7 25. R1d2 Re7 26. Qe3 Rc6 27. Qd3 Qg4
28. Kh1 Rf6 29. Ne1 h5 30. Qe2 Qxe2 31. Rxe2 h4 32. Kg2 Rb6 33. b4 f6 34. Nc2
Rc7 35. Ne3 hxg3 36. hxg3 Ne7 37. Rd8 Nc6 38. Rd1 Ne7 39. Kf3 Kg6 40. Rd8 Kf7
41. Red2 Rbc6 42. Ke2 Rc8 43. R8d7 g6 44. Rxb7 R6c7 45. Rd7 Rxd7 46. Rxd7 Ke6
47. Rb7 Rc6 48. g4 Rd6 49. Nc4 Rc6 50. Na5 Rd6 51. Nb3 f5 52. Nc5+ Kf6 53. gxf5
gxf5 54. exf5 Rc6 55. Ra7 Nd5 56. Rxa6 Rxa6 57. Nxa6 Kxf5 58. Nc5 e4 59. b5 Ke5
60. Nb3 Nb6 61. Nd2 Na4 62. Ke3 Nxb2 63. Nxe4 Nc4+ 64. Kd3 Nb2+ 65. Kc2 Nc4 66.
Kd3 Nb2+ 67. Ke3 Kd5 68. Nd2 Nd1+ 69. Kd3 Nxc3 1/2-1/2

[Event "18. Obert Int. Sant Marti 2016"]
[Site "Barcelona ESP"]
[Date "2016.07.14"]
[Round "2.36"]
[White "Teichmann, Erik O M C"]
[Black "Noordhoek, Henk"]
[Result "1/2-1/2"]
[WhiteElo "2312"]
[BlackElo "1976"]
[PlyCount "119"]
[EventDate "2016.07.13"]
[EventType "swiss"]
[EventRounds "9"]
[EventCountry "ESP"]
[SourceTitle "Ajedrez en Madrid"]
[Source "lmi"]
[SourceDate "2016.07.13"]
[SourceVersion "1"]
[SourceVersionDate "2019.06.21"]
[SourceQuality "1"]

1. b4 e5 2. Bb2 Bxb4 3. Bxe5 Nf6 4. c4 d5 5. cxd5 O-O 6. Nf3 Nbd7 7. Bb2 Nb6 8.
e3 Nbxd5 9. Be2 Re8 10. O-O Qe7 11. Nd4 Ba5 12. Qc2 c6 13. Nc3 Bc7 14. Nxd5
Nxd5 15. Nf5 Bxf5 16. Qxf5 Rad8 17. Bf3 Qd6 18. g3 Ne7 19. Qg4 Ng6 20. d4 Qe6
21. Qxe6 fxe6 22. Rab1 e5 23. Rfc1 Bb6 24. Rd1 exd4 25. exd4 Ne7 26. Rd3 Nd5
27. Ba3 Nc7 28. Rbd1 Kf7 29. Bc1 Nd5 30. Bd2 Nf6 31. Bg5 h6 32. Bf4 Nd5 33. Be5
Re7 34. a3 Bc7 35. Re1 Nb6 36. Rc3 Rxd4 37. Bxd4 Rxe1+ 38. Kg2 Be5 39. Rd3 Bxd4
40. Rxd4 Re7 41. Rd8 Rd7 42. Rh8 Nc4 43. a4 Nb2 44. a5 a6 45. Bh5+ Ke7 46. Re8+
Kd6 47. Bg4 Re7 48. Rxe7 Kxe7 49. Bc8 Nc4 50. Bxb7 Nxa5 51. Bxa6 c5 52. Kf3 Ke6
53. Ke4 g6 54. f4 Nc6 55. Bc4+ Kf6 56. Kd5 Nd4 57. Kxc5 Nf3 58. h3 g5 59. fxg5+
Nxg5 60. Kd4 1/2-1/2

[Event "18. Obert Int. Sant Marti 2016"]
[Site "Barcelona ESP"]
[Date "2016.07.14"]
[Round "2.37"]
[White "Ojas, Kulkarni"]
[Black "Dalo, Hermes"]
[Result "1/2-1/2"]
[WhiteElo "2006"]
[BlackElo "2282"]
[PlyCount "33"]
[EventDate "2016.07.13"]
[EventType "swiss"]
[EventRounds "9"]
[EventCountry "ESP"]
[SourceTitle "Ajedrez en Madrid"]
[Source "lmi"]
[SourceDate "2016.07.13"]
[SourceVersion "1"]
[SourceVersionDate "2019.06.21"]
[SourceQuality "1"]

1. d4 Nf6 2. c4 g6 3. Nc3 Bg7 4. e4 d6 5. Bd3 Nc6 6. Nge2 O-O 7. O-O Nh5 8. Bc2
e5 9. d5 Ne7 10. Be3 f5 11. exf5 Nxf5 12. Bxf5 Bxf5 13. Ng3 Nxg3 14. hxg3 h5
15. Qd2 Qd7 16. a4 a5 17. c5 1/2-1/2

[Event "18. Obert Int. Sant Marti 2016"]
[Site "Barcelona ESP"]
[Date "2016.07.14"]
[Round "2.38"]
[White "Ramirez Garcia, Jorge Alberto"]
[Black "Kunal, Kakumanu"]
[Result "0-1"]
[WhiteElo "2264"]
[BlackElo "1903"]
[PlyCount "88"]
[EventDate "2016.07.13"]
[EventType "swiss"]
[EventRounds "9"]
[EventCountry "ESP"]
[SourceTitle "Ajedrez en Madrid"]
[Source "lmi"]
[SourceDate "2016.07.13"]
[SourceVersion "1"]
[SourceVersionDate "2019.06.21"]
[SourceQuality "1"]

1. e4 e5 2. f4 Nf6 3. Nc3 d5 4. fxe5 Nxe4 5. Nf3 Bg4 6. Qe2 Nc6 7. Nxe4 dxe4 8.
Qxe4 Bxf3 9. Qxf3 Bc5 10. Bb5 O-O 11. Bxc6 bxc6 12. c3 Qh4+ 13. g3 Qc4 14. d3
Qe6 15. Be3 Rae8 16. Bxc5 Qxe5+ 17. Be3 Qxe3+ 18. Qxe3 Rxe3+ 19. Kd2 Rfe8 20.
Rae1 Rxe1 21. Rxe1 Rxe1 22. Kxe1 f5 23. Kf2 Kf7 24. Ke3 Ke6 25. Kd4 g5 26. b4
Kd6 27. a4 a6 28. c4 c5+ 29. bxc5+ Kc6 30. a5 f4 31. gxf4 gxf4 32. h4 f3 33.
Ke3 Kxc5 34. Kxf3 Kb4 35. Ke3 Kxa5 36. Kd2 Kb4 37. Kc2 a5 38. h5 h6 39. Kb2 a4
40. Ka2 Kc3 41. c5 Kxd3 42. c6 Kc4 43. Kb2 Kc5 44. Ka3 Kb5 0-1

[Event "18. Obert Int. Sant Marti 2016"]
[Site "Barcelona ESP"]
[Date "2016.07.14"]
[Round "2.39"]
[White "Perez Garcia, Adria"]
[Black "Hernandez Moya, Yuleisy"]
[Result "1/2-1/2"]
[WhiteElo "1984"]
[BlackElo "2260"]
[PlyCount "83"]
[EventDate "2016.07.13"]
[EventType "swiss"]
[EventRounds "9"]
[EventCountry "ESP"]
[SourceTitle "Ajedrez en Madrid"]
[Source "lmi"]
[SourceDate "2016.07.13"]
[SourceVersion "1"]
[SourceVersionDate "2019.06.21"]
[SourceQuality "1"]

1. e4 c5 2. c3 Nf6 3. e5 Nd5 4. d4 cxd4 5. Nf3 e6 6. cxd4 d6 7. Bc4 Be7 8. O-O
O-O 9. Qe2 b6 10. Bd2 Bb7 11. Nc3 Nxc3 12. Bxc3 dxe5 13. dxe5 Nc6 14. Rfd1 Qc7
15. Rac1 Rad8 16. Bd3 g6 17. Bd2 Qb8 18. Bh6 Rfe8 19. Bb1 Rxd1+ 20. Rxd1 Rd8
21. Rxd8+ Qxd8 22. Bd2 Nd4 23. Nxd4 Qxd4 24. Bc3 Qd5 25. f3 Bc5+ 26. Kf1 Ba6
27. Qxa6 Qd1+ 28. Be1 Bb4 29. Qe2 Qxb1 30. Qe4 Qxe4 31. fxe4 Bc5 32. Bf2 Bxf2
33. Kxf2 Kf8 34. Ke3 Ke7 35. b4 Kd7 36. b5 Ke7 37. Kf4 h6 38. h4 Kd7 39. g4 Kc7
40. g5 h5 41. a4 Kd7 42. Ke3 1/2-1/2